00764nam a2200229 a 4500001001000000003000500010005001700015008004100032010001100073011001100084020001800095040000900113082001600122245017900138260002400317300004200341650004600383650002700429650002700456700002700483700002400510000111472CHAP20220329144212.0150511s2015 it j |r| ||||||eng d a107934 a108906 a9789251076989 cCHAP04a338.1bF21500aInnovative institutions, public policies and private strategies for agro-entrerprise development /cpor FAO y editado por Carlos A. da Silva y Carlos A. da Silva ...[et al.]. aRoma :bFAO,c2015. axxvii, 340 p. :bil., gráfs., tabs.14aAgriculturaxInnovaciones tecnológicas.14aDesarrollo agrícola.14aPolítica agrícola.1 aChristy, Ralph D.eed.1 aDa Silva, Carlos A.